000 00920nam a2200253 a 4500
001 000005319
005 20200929151637.0
008 090819s1977 sp 000 0 spa d
020 _a8400036174
040 _aDO-SdBNP
_bspa
_cBNPHU
082 _a485
_bG197v
100 1 _aGanguita Elícegui, Elvira,
_d1937-
_915091
245 1 0 _aVida/muerte de Homero a Platón :
_bestudio de semántica estructural /
_cElvira Ganguita Elícegui.
260 _aMadrid, España :
_bInstituto Antonio de Nebrija,
_c1977.
300 _avii, 231 p. ;
_c25 cm.
490 1 _aManuales y anejos de Emérita ;
_v32
504 _aIncluye referencias bibliográficas y notas al pie de las páginas.
504 _aBibliografía : p. 229-231
651 4 _aGriego
_xSemántica
_915092
650 4 _aVida
_xTerminología
_915093
650 4 _aMuerte
_xTerminología
_915094
830 0 _aManuales y anejos de Emérita ;
_n32
_915095
049 _aBNPD
999 _c5120
_d5120